[Event "Montevideo Duchamp Cup 5th"]
[Site "Montevideo"]
[Date "2022.02.13"]
[Round "2"]
[White "Larrea, Manuel"]
[Black "Martinez Garay, Carlos"]
[Result "1-0"]
[WhiteElo "2226"]
[BlackElo "1773"]
[PlyCount "63"]
[EventDate "2022.02.12"]
[EventType "swiss"]
[EventRounds "9"]
[EventCountry "URU"]
[SourceTitle "CBM 206 Extra"]
[Source "ChessBase"]
[SourceDate "2022.03.31"]
[SourceVersion "1"]
[SourceVersionDate "2022.03.31"]
[SourceQuality "1"]

1. e4 e6 2. d4 d5 3. Nc3 Nf6 4. Bg5 Be7 5. e5 Nfd7 6. h4 Bxg5 7. hxg5 Qxg5 8. Nh3 Qe7 9. Qg4 f6 10. Nf4 Nf8 11. Ncxd5 Qf7 12. exf6 gxf6 13. Rh6 f5 14. Qe2 Kd8 15. Qe5 Rg8 16. Nf6 Nc6 17. Qe3 Rg7 18. d5 exd5 19. 0-0-0 d4 20. Bc4 Qe7 21. Qd2 Qc5 22. Bd5 Bd7 23. Nxd7 Rxd7 24. Bxc6 bxc6 25. Nd3 Qb5 26. Rf6 Ng6 27. Qg5 Kc8 28. Rxf5 Qa4 29. Nc5 Qxa2 30. Nxd7 Kxd7 31. Rxd4+ Kc8 32. Qd8+ 1-0

[Event "Titled Tuesday intern op 11th Jan"]
[Site "Chess.com INT"]
[Date "2022.01.11"]
[Round "5"]
[White "Larrea, Manuel"]
[Black "Dilmukhametov, Artur"]
[Result "0-1"]
[WhiteElo "2226"]
[BlackElo "2293"]
[PlyCount "52"]
[EventDate "2022.01.11"]
[EventType "swiss (blitz)"]
[EventRounds "11"]
[EventCountry "USA"]
[SourceTitle "CBM 206 Extra"]
[Source "ChessBase"]
[SourceDate "2022.03.31"]
[SourceVersion "1"]
[SourceVersionDate "2022.03.31"]
[SourceQuality "1"]

1. e4 c5 2. Nf3 Nc6 3. d4 cxd4 4. Nxd4 g6 5. c4 Bg7 6. Be3 Nf6 7. Nc3 0-0 8. Be2 d6 9. 0-0 Bd7 10. h3 Nxd4 11. Bxd4 Bc6 12. Qd2 a5 13. Bd3 Nd7 14. Be3 Nc5 15. Bc2 Qb6 16. Rab1 Qb4 17. Nd5 Bxd5 18. exd5 Qxc4 19. Rfc1 Qxa2 20. Bxc5 dxc5 21. Qe2 Rfe8 22. Be4 Rac8 23. Qb5 a4 24. Ra1 Qxb2 25. Qxa4 Bd4 26. Rf1 Ra8 0-1

[Event "Titled Tuesday intern op 11th Jan"]
[Site "Chess.com INT"]
[Date "2022.01.11"]
[Round "4"]
[White "Shtyka, Sergey"]
[Black "Larrea, Manuel"]
[Result "1-0"]
[WhiteElo "2154"]
[BlackElo "2226"]
[PlyCount "59"]
[EventDate "2022.01.11"]
[EventType "swiss (blitz)"]
[EventRounds "11"]
[EventCountry "USA"]
[SourceTitle "CBM 206 Extra"]
[Source "ChessBase"]
[SourceDate "2022.03.31"]
[SourceVersion "1"]
[SourceVersionDate "2022.03.31"]
[SourceQuality "1"]

1. e4 c5 2. b3 Nf6 3. e5 Nd5 4. Bb2 Nc6 5. Qf3 e6 6. Nc3 Nd4 7. Qd1 Nxc3 8. dxc3 Nc6 9. c4 g6 10. Nf3 Bg7 11. Qd6 Qe7 12. 0-0-0 Qxd6 13. exd6 Bxb2+ 14. Kxb2 0-0 15. Bd3 b6 16. Be4 Bb7 17. Rhe1 f5 18. Bxc6 Bxc6 19. Ne5 Rac8 20. f4 Kg7 21. g3 Kf6 22. Kc3 h6 23. h4 Rg8 24. Rd2 Rg7 25. Rh2 Rgg8 26. Kd2 Rg7 27. Ke3 Be4 28. g4 g5 29. hxg5+ hxg5 30. Rh6+ 1-0

[Event "URU-ch 92nd"]
[Site "Montevideo"]
[Date "2021.11.29"]
[Round "8"]
[White "Ulaneo, Nicolas"]
[Black "Larrea, Manuel"]
[Result "0-1"]
[WhiteElo "2164"]
[BlackElo "2222"]
[PlyCount "56"]
[EventDate "2021.11.22"]
[EventType "tourn"]
[EventRounds "11"]
[EventCountry "URU"]
[EventCategory "2"]
[SourceTitle "CBM 205 Extra"]
[Source "ChessBase"]
[SourceDate "2022.01.31"]
[SourceVersion "1"]
[SourceVersionDate "2022.01.31"]
[SourceQuality "1"]

1. e4 c5 2. Nc3 Nc6 3. Bb5 Nd4 4. Bc4 e6 5. Nge2 a6 6. Nxd4 cxd4 7. Ne2 Bc5 8. d3 Ne7 9. 0-0 0-0 10. Ng3 d5 11. Bb3 f5 12. Bg5 f4 13. Nh5 e5 14. Bxd5+ Kh8 15. c3 h6 16. Bb3 hxg5 17. cxd4 Bxd4 18. Nxf4 Qd6 19. Nd5 Nxd5 20. Bxd5 g4 21. Rc1 Be6 22. Bxe6 Qxe6 23. Rc7 Bxf2+ 24. Kh1 b5 25. Qd2 Be3 26. Qe2 Rxf1+ 27. Qxf1 Rc8 28. Rc3 Bd2 0-1

[Event "URU-ch 92nd"]
[Site "Montevideo"]
[Date "2021.11.26"]
[Round "5"]
[White "Larrea, Manuel"]
[Black "Vazquez, Facundo"]
[Result "1-0"]
[WhiteElo "2222"]
[BlackElo "2163"]
[PlyCount "65"]
[EventDate "2021.11.22"]
[EventType "tourn"]
[EventRounds "11"]
[EventCountry "URU"]
[EventCategory "2"]
[SourceTitle "CBM 205 Extra"]
[Source "ChessBase"]
[SourceDate "2022.01.31"]
[SourceVersion "1"]
[SourceVersionDate "2022.01.31"]
[SourceQuality "1"]

1. e4 e6 2. d4 d5 3. Nc3 Nf6 4. e5 Nfd7 5. f4 c5 6. Nf3 Nc6 7. Be3 Be7 8. Qd2 0-0 9. Be2 b6 10. 0-0 f5 11. Rfd1 Kh8 12. a4 Bb7 13. a5 bxa5 14. Na4 Nxd4 15. Nxd4 cxd4 16. Bxd4 Bc6 17. Qe3 Rb8 18. b3 Rb4 19. Nb2 Rxd4 20. Rxd4 Bc5 21. c3 Qb6 22. Bd1 Rc8 23. h3 Bb5 24. g4 fxg4 25. Bxg4 Nb8 26. Rad1 Bxd4 27. cxd4 Rc2 28. Na4 Bxa4 29. bxa4 Rc4 30. f5 exf5 31. e6 Qd8 32. e7 Qe8 33. Bh5 1-0

[Event "URU-ch 92nd"]
[Site "Montevideo"]
[Date "2021.11.23"]
[Round "2"]
[White "Larrea, Manuel"]
[Black "Diaz Hollemaert, Nahuel Carlos"]
[Result "1-0"]
[WhiteElo "2222"]
[BlackElo "2441"]
[PlyCount "51"]
[EventDate "2021.11.22"]
[EventType "tourn"]
[EventRounds "11"]
[EventCountry "URU"]
[EventCategory "2"]
[SourceTitle "CBM 205 Extra"]
[Source "ChessBase"]
[SourceDate "2022.01.31"]
[SourceVersion "1"]
[SourceVersionDate "2022.01.31"]
[SourceQuality "1"]

1. e4 c5 2. Nf3 e6 3. c3 Nf6 4. e5 Nd5 5. d4 cxd4 6. cxd4 d6 7. Bc4 Nb6 8. Bb3 dxe5 9. Nxe5 Nc6 10. Qh5 Nxe5 11. dxe5 Qd3 12. Qg4 Bd7 13. Nc3 Rc8 14. Be3 Rxc3 15. bxc3 Qxc3+ 16. Ke2 Bb5+ 17. Kf3 Qxe5 18. Rhd1 Bd6 19. Rxd6 Qxd6 20. Qxg7 Bc6+ 21. Ke2 Qf8 22. Qe5 Nd7 23. Qc3 Rg8 24. g3 Qa3 25. Rd1 a5 26. Rxd7 1-0

[Event "Titled Tuesday intern op 06th Apr"]
[Site "Chess.com INT"]
[Date "2021.04.06"]
[Round "5"]
[White "Buscar, Michael"]
[Black "Larrea, Manuel"]
[Result "1-0"]
[WhiteElo "2088"]
[BlackElo "2235"]
[PlyCount "109"]
[EventDate "2021.04.06"]
[EventType "swiss (blitz)"]
[EventRounds "11"]
[EventCountry "USA"]
[SourceTitle "CBM 201 Extra"]
[Source "ChessBase"]
[SourceDate "2021.05.31"]
[SourceVersion "1"]
[SourceVersionDate "2021.05.31"]
[SourceQuality "1"]

1. d4 Nf6 2. c4 e6 3. Nc3 d5 4. e3 c5 5. Nf3 Nc6 6. Bd3 cxd4 7. exd4 dxc4 8. Bxc4 Be7 9. 0-0 0-0 10. a3 b6 11. Bd3 Bb7 12. Bc2 Rc8 13. Qd3 Re8 14. Bg5 g6 15. Rad1 Bf8 16. d5 exd5 17. Nxd5 Qxd5 18. Bxf6 Qxd3 19. Bxd3 Bg7 20. Bxg7 Kxg7 21. Bb5 Red8 22. h4 a6 23. Ba4 Rxd1 24. Rxd1 Rd8 25. Rxd8 Nxd8 26. Nd4 Kf6 27. g3 Ke5 28. Ne2 b5 29. Bb3 Bd5 30. Bc2 Ne6 31. f4+ Kd6 32. f5 Nc5 33. fxg6 hxg6 34. Kf2 Be4 35. Bxe4 Nxe4+ 36. Ke3 Ke5 37. g4 f5 38. h5 gxh5 39. gxh5 Nf6 40. Nf4 Ng4+ 41. Kf3 Kd4 42. Ne6+ Ke5 43. Nc7 a5 44. Nxb5 Kf6 45. Nd4 Kg5 46. b4 axb4 47. axb4 Kxh5 48. Nxf5 Kg5 49. Nd6 Ne5+ 50. Ke4 Nd7 51. Kd5 Kf6 52. Kc6 Ne5+ 53. Kc7 Nd3 54. b5 Ke6 55. b6 1-0